Der Jud' ist schuld! (Record no. 149424)

MARC details
000 -LEADER
campo de control de longitud fija 00550nam a2200169 i 4500
001 - NÚMERO DE CONTROL
campo de control 149424
003 - IDENTIFICADOR DE NÚMERO DE CONTROL
campo de control ES-MaACL
005 - FECHA Y HORA DE LA ÚLTIMA TRANSACCIÓN
campo de control 20230906203110.0
007 - CAMPO FIJO DE DESCRIPCIÓN FÍSICA--INFORMACIÓN GENERAL
campo de control de longitud fija t|
008 - DATOS DE LONGITUD FIJA--INFORMACIÓN GENERAL
campo de control de longitud fija 071022s1921 gw ||||1| ger d
110 2# - ENTRADA PRINCIPAL--NOMBRE DE ENTIDAD CORPORATIVA
Nombre de entidad corporativa o nombre de jurisdicción como elemento de entrada Spartakus.
9 (RLIN) 6884
245 14 - MENCIÓN DEL TÍTULO
Título Der Jud' ist schuld!
Resto del título : ein ernstes Wort an alle Kleinbauern, Hèausler und Landarbeiter! /
Mención de responsabilidad, etc. bon Spartakus.
260 ## - PUBLICACIÓN, DISTRIBUCIÓN, ETC.
Lugar de publicación, distribución, etc. Leipzig ;
-- Berlin :
Nombre del editor, distribuidor, etc. Franke,
Fecha de publicación, distribución, etc. [1921?]
300 ## - DESCRIPCIÓN FÍSICA
Extensión 10 p. :
Otras características físicas il. ;
Dimensiones 22 cm.
651 #4 - PUNTO DE ACCESO ADICIONAL DE MATERIA--NOMBRE GEOGRÁFICO
Nombre geográfico Alemania-
Subdivisión general Historia-
Subdivisión cronológica 1918, Revolución.
9 (RLIN) 7662
852 ## - LOCALIZACIÓN
Ubicación ES-MaACL
Número de control de estantería 1611-F-12
Holdings
Estatus retirado Estado de pérdida Estado de daño No para préstamo Colección Biblioteca de origen Biblioteca actual Ubicación en estantería Fecha de adquisición Fuente de adquisición Total de préstamos Signatura topográfica completa Código de barras Visto por última vez Precio de reemplazo Tipo de ítem Koha
        Colección de folletos Biblioteca del Ateneo de Madrid Biblioteca del Ateneo de Madrid Depósito folletos 17/01/2008     1611-F-12 1155927 23/02/2023 23/02/2023 Folleto